Polskie miasta według opisu z Wikipedii #5 - Statystyki

Ogólne statystyki
  • Ten quiz został rozwiązany 128 razy
  • Średni wynik to 7 z 15
Statystyki odpowiedzi
Opis Miasto % Poprawnych
"Kolejnym ośrodkiem sportowym [miasta] jest drużyna Ruchu (...) jeden z najbardziej zasłużonych klubów w historii polskiego futbolu." Chorzów
95%
"Do infrastruktury [miasta] należy międzynarodowy port lotniczy w Jasionce" Rzeszów
78%
"Największy w Polsce rodzinny park rozrywki „Energylandia”, otwarty 14 lipca 2014 r." Zator
72%
"stanowi ośrodek LGOM, znajdują się w niej zakłady należące do KGHM Polska Miedź" Legnica
49%
"[Miasto] jest najdalej na wschód wysuniętym miastem Polski" Hrubieszów
48%
"Jest (...) historyczną stolicą Kujaw." Włocławek
45%
"Do początku lat 90. XX wieku największy w Polsce ośrodek wydobycia i przetwórstwa siarki." Tarnobrzeg
44%
"O wschodnie peryferia [miasta] zahacza autostrada A1. Najbliższe miastu węzły autostradowe to Żory oraz Świerklany." Rybnik
40%
"Ośrodek turystyczny i kąpielisko nadmorskie, ośrodek rybołówstwa, garnizon Marynarki Wojennej z portem wojennym." Hel
39%
"Około 4 km na północ od centrum miasta znajduje się drogowe przejście graniczne z Rosją." Gołdap
31%
"Wydany w 1880 Słownik geograficzny Królestwa Polskiego uznaje miasto (...) za stolicę Kaszub." Wejherowo
31%
"Znajduje się w Euroregionie Karpackim, w skład którego wchodzą przygraniczne tereny Polski, Słowacji, Ukrainy, Węgier i Rumunii." Krosno
29%
"Sąsiednie gminy: Brenna, Goleszów, Skoczów, Wisła. Gmina sąsiaduje z Czechami." Ustroń
29%
"[Miasto] położone jest w środkowej części Wyżyny Krakowsko-Częstochowskiej u źródeł Warty (które znajduje się w dzielnicy Kromołów) oraz Czarnej Przemszy (w dzielnicy Bzów). Zawiercie
29%
"W czasie powodzi we wrześniu 2024 przepływająca przez [miasto] rzeka (...) wylała, powodując liczne zniszczenia. Zalane zostało centrum miasta" Głuchołazy
23%
Nie znaleziono quizów pasujących do podanych kryteriów
Rozkład punktacji
Procent ludzi z każdym wynikiem
Percentyl według liczby udzielonych odpowiedzi
Twoja historia wyników
Nie rozwiązałeś tego quizu